FIFA World Cup 2026 Groups - Statistics

General Stats
  • This quiz has been taken 84 times
    12 since last reset
  • The average score is 38 of 48
Answer Stats
Group Country % Correct
J Argentina
86%
D Australia
86%
G Belgium
86%
C Brazil
86%
L Croatia
86%
E Curacao
86%
G Egypt
86%
L England
86%
E Germany
86%
C Haiti
86%
G Iran
86%
I Iraq
86%
F Japan
86%
A Mexico
86%
C Morocco
86%
F Netherlands
86%
G New Zealand
86%
L Panama
86%
D Paraguay
86%
B Qatar
86%
C Scotland
86%
A South Africa
86%
A South Korea
86%
H Spain
86%
F Sweden
86%
F Tunisia
86%
D Türkiye
86%
D United States
86%
K Uzbekistan
86%
B Bosnia and Herzegovina
71%
B Canada
71%
H Cape Verde
71%
K Colombia
71%
A Czechia
71%
K Democratic Republic of Congo
71%
E Ecuador
71%
I France
71%
L Ghana
71%
I Norway
71%
K Portugal
71%
H Saudi Arabia
71%
I Senegal
71%
B Switzerland
71%
J Algeria
57%
J Austria
57%
E Ivory Coast
57%
J Jordan
57%
H Uruguay
57%
No matching quizzes found
Score Distribution
Percent of People with Each Score
Percentile by Number Answered
Your Score History
You have not taken this quiz since the last reset